| 000 | 00760nam a2200169 i 4500 | ||
|---|---|---|---|
| 001 | 17708 | ||
| 003 | ES-MaACL | ||
| 007 | t| | ||
| 008 | 010508s1985 it ||||1| spa d | ||
| 080 | _a929 Paula Montal, Beata | ||
| 245 | 0 | 0 |
_aBeatificationis et canonizationis servae dei Paulae Montal Fornés (in relig.: Paula a Sancto Josepho Calasanctio) _b: fundatricis pii instituti filiarum Mariae Scholarum Piarum : positio super virtutibus ex officio concinnata. |
| 260 |
_aRomae : _bSacra Congregatio pro Causis Sanctorum, _c1985. |
||
| 300 |
_aCXXXI, 997 p. : _b12 p. de lám. ; _c33 cm. |
||
| 600 | 1 | 4 |
_aPaula Montal _cBeata- _xCanonización. _989643 |
| 710 | 1 |
_aIglesia Católica. _bCongregatio pro Causis Sanctorum. _94662 |
|
| 852 |
_aES-MaACL _jB-14 _bR.111425 |
||
| 999 |
_c17708 _d17708 |
||